000
00280nam a22001097a 4500
008
151007b xxu||||| |||| 00| 0 eng d
020
_a
9789987080748.
082
_a
005.8 MAM
100
_a
MAMBI ADAM J.
245
_a
ICT :
_b
LAW BOOK
260
_a
DAR-ES-SALAAM:
_b
MKUKI NA NYOTA,
_c
2010.
999
_c
3392
_d
3392